Les 20 joueurs avec le meilleur ratio de buts par match en Liga au 21e - Statistiques

Statistiques générales
  • Ce quiz a été pris 396 fois
  • Le résultat moyen est 13 sur 20
Statistiques - réponses
ratio réponses pays % Correct
0,91 Lionel Messi Argentine
100%
1,07 Cristiano Ronaldo Portugal
99%
0,65 Ronaldo Brésil
99%
0,70 Luis Suarez Uruguay
97%
0,74 Robert Lewandowski Pologne
95%
0,54 Karim Benzema France
93%
0,55 Neymar Brésil
90%
0,59 Samuel Eto'o Cameroun
90%
0,46 Gareth Bale Pays de Galles
89%
0,52 David Villa Espagne
66%
0,55 Radamel Falcao Colombie
62%
0,53 Diego Forlan Uruguay
61%
0,48 Ronaldinho Brésil
51%
0,44 Thierry Henry France
49%
0,56 Gonzalo Higuain Argentine
48%
0,52 Ruud Van Nistelrooy Pays-Bas
40%
0,46 Iago Aspas Espagne
24%
0,47 Patrick Kluivert Pays-Bas
12%
0,47 Diego Milito Argentine
5%
0,48 Luis Fabiano Brésil
3%
Aucun quiz correspondant
Distribution des résultats
% des personnes avec chaque résultat
Percentile par nombre de réponses
Votre historique - résultats
Vous n’avez pas pris ce quiz